000 00522nam a2200181Ia 4500
008 100917s9999 xx 000 0 und d
082 _b34875
100 _aकोठावळे राजेंद्र
245 _aघायाळ मी हरिणी
260 _b---
_c1978
300 _a158
365 _b10
520 _aकादंबरी
630 _aघायाळ मी हरिणी
650 _aकादंबरी
730 _aघायाळ मी हरिणी
942 _cBOOK
999 _c640269
_d640266